Families in motion : dynamics in diverse contexts

Saved in:
Bibliographic Details
Main Author: GERHARDT, Clara
Format: Book
Language:English
Published: SAGE 2020
Tags: Add Tag
No Tags, Be the first to tag this record!

MARC

LEADER 00000nam a22000007a 4500
008 230925b |||||||| |||| 00| 0 eng d
020 |a 9781544329208 
100 |a GERHARDT, Clara 
245 |a Families in motion  |b  : dynamics in diverse contexts  |c  / Clara Gerhardt  |g XV, 392p;ILL 
260 |b SAGE  |c 2020  |h Thousand oak, California  |i 700054  |i 700055  |l HQ503.G31  |m Families 
500 |a it includes references and index 
942 |a lcc  |c BK  |e Johnson  |f 25/09/23 
952 |0 0  |1 0  |2 lcc  |4 0  |6 HQ0503 G31  |7 0  |9 4484  |a SSL  |b HOL  |c GJ  |d 2023-09-25  |l 0  |o HQ503.G31  |p 2023-0405  |r 2023-09-25 00:00:00  |t 700054  |w 2023-09-25  |y BK 
952 |0 0  |1 0  |2 lcc  |4 0  |6 HQ0503 G31  |7 0  |9 4485  |a HOL  |b HOL  |c GJ  |d 2023-09-25  |l 0  |o HQ503.G31  |p 2023-0406  |r 2023-09-25 00:00:00  |t 700055  |w 2023-09-25  |y BK 
999 |c 2247  |d 2247